<?xml version="1.0" encoding="UTF-8"?>
<collection xmlns="http://www.loc.gov/MARC21/slim">
<record>
  <controlfield tag="001">168662</controlfield>
  <controlfield tag="005">20260212205631.0</controlfield>
  <datafield tag="024" ind1="7" ind2=" ">
    <subfield code="2">doi</subfield>
    <subfield code="a">10.1080/17408989.2026.2612970</subfield>
  </datafield>
  <datafield tag="024" ind1="8" ind2=" ">
    <subfield code="2">sideral</subfield>
    <subfield code="a">148066</subfield>
  </datafield>
  <datafield tag="037" ind1=" " ind2=" ">
    <subfield code="a">ART-2026-148066</subfield>
  </datafield>
  <datafield tag="041" ind1=" " ind2=" ">
    <subfield code="a">eng</subfield>
  </datafield>
  <datafield tag="100" ind1=" " ind2=" ">
    <subfield code="a">Diloy-Peña, Sergio</subfield>
    <subfield code="0">(orcid)0000-0003-1357-9771</subfield>
  </datafield>
  <datafield tag="245" ind1=" " ind2=" ">
    <subfield code="a">Relationships between (de-)motivating teaching approaches with students’ need-based experiences and affective outcomes in physical education: a circumplex approach</subfield>
  </datafield>
  <datafield tag="260" ind1=" " ind2=" ">
    <subfield code="c">2026</subfield>
  </datafield>
  <datafield tag="520" ind1="3" ind2=" ">
    <subfield code="a">Background: From a traditional categorical perspective, the teacher’s overarching styles of autonomy support and structure have been identified as beneficial for students, while control and chaos have been considered detrimental in physical education (PE). Nevertheless, given that not all teaching practices within the same teaching style contribute equally to student learning, the circumplex approach to (de-)motivating teaching styfles, together with the distinctions between need-nurturing and need-enabling versus need-thwarting and need-depriving practices, can help teachers discern which autonomy-supportive and structuring behaviors should be maximized and prioritized, and which controlling and chaotic behaviors should be minimized or avoided. Considering that little is currently known about the distinctive role that each approach may play in PE, there is a need for further research to shed light on how each approach specifically may contribute to need-based experiences (i.e. need satisfaction and frustration) and affective outcomes (i.e. enjoyment, boredom, and Physical Activity (PA) intention) according to the students in PE lessons. Purpose: This study aims to examine the direct and indirect relationships between students’ perceptions of the four motivating approaches (i.e. participative and attuning as autonomy-supportive, and guiding and clarifying as structuring) and the four demotivating approaches (i.e. demanding and domineering as controlling, and abandoning and awaiting as chaotic) with their need-based experiences, enjoyment, boredom and PA intention. Method: A convenience sample of 914 students (Mage= 14.86, SD = 0.46; 54% girls), divided into different school grade levels, participated in this cross-sectional study. A path analysis was conducted, such as main analysis of the study. Results: The path analysis model revealed that participative, attuning, guiding, demanding, and awaiting approaches had positive indirect effects on PA intention via need satisfaction and enjoyment. abandoning approach had negative indirect effects on PA intention via need satisfaction and enjoyment. Domineering and abandoning approaches also had negative indirect effects on PA intention via need frustration and boredom. Finally, the clarifying approach had no significant effects. Conclusions: Our results support the assumption that attuning and guiding approaches are more need-nurturing, whereas the participative approach is more need-enabling. Furthermore, domineering and abandoning approaches are more need-thwarting. However, the distinctive nature of clarifying, demanding, and awaiting approaches in PE requires further clarification. Impact statement: This study offers the first model linking eight (de-)motivating teaching approaches with students’ motivational processes in PE. The findings show each approach’s impact and inform teacher education programs that strengthen effective motivational strategies while limiting harmful practices. © 2026 The Author(s). Published by Informa UK Limited, trading as Taylor &amp; Francis Group.</subfield>
  </datafield>
  <datafield tag="506" ind1="0" ind2=" ">
    <subfield code="a">Access copy available to the general public</subfield>
    <subfield code="f">Unrestricted</subfield>
  </datafield>
  <datafield tag="540" ind1=" " ind2=" ">
    <subfield code="9">info:eu-repo/semantics/openAccess</subfield>
    <subfield code="a">by-nc-nd</subfield>
    <subfield code="u">https://creativecommons.org/licenses/by-nc-nd/4.0/deed.es</subfield>
  </datafield>
  <datafield tag="655" ind1=" " ind2="4">
    <subfield code="a">info:eu-repo/semantics/article</subfield>
    <subfield code="v">info:eu-repo/semantics/publishedVersion</subfield>
  </datafield>
  <datafield tag="700" ind1=" " ind2=" ">
    <subfield code="a">García-González, Luis</subfield>
    <subfield code="u">Universidad de Zaragoza</subfield>
    <subfield code="0">(orcid)0000-0001-8115-0649</subfield>
  </datafield>
  <datafield tag="700" ind1=" " ind2=" ">
    <subfield code="a">Tilga, Henri</subfield>
  </datafield>
  <datafield tag="700" ind1=" " ind2=" ">
    <subfield code="a">Koka, Andre</subfield>
  </datafield>
  <datafield tag="700" ind1=" " ind2=" ">
    <subfield code="a">Burgueño, Rafa</subfield>
  </datafield>
  <datafield tag="700" ind1=" " ind2=" ">
    <subfield code="a">Abós, Ángel</subfield>
    <subfield code="u">Universidad de Zaragoza</subfield>
    <subfield code="0">(orcid)0000-0002-1543-5109</subfield>
  </datafield>
  <datafield tag="710" ind1="2" ind2=" ">
    <subfield code="1">3001</subfield>
    <subfield code="2">187</subfield>
    <subfield code="a">Universidad de Zaragoza</subfield>
    <subfield code="b">Dpto. Expres.Music.Plást.Corp.</subfield>
    <subfield code="c">Área Didáctica Expres.Corporal</subfield>
  </datafield>
  <datafield tag="773" ind1=" " ind2=" ">
    <subfield code="g">(2026), 1-26</subfield>
    <subfield code="p">PHYS EDUC SPORT PEDA</subfield>
    <subfield code="t">Physical Education and Sport Pedagogy</subfield>
    <subfield code="x">1740-8989</subfield>
  </datafield>
  <datafield tag="856" ind1="4" ind2=" ">
    <subfield code="s">1297886</subfield>
    <subfield code="u">http://zaguan.unizar.es/record/168662/files/texto_completo.pdf</subfield>
    <subfield code="y">Versión publicada</subfield>
  </datafield>
  <datafield tag="856" ind1="4" ind2=" ">
    <subfield code="s">1263087</subfield>
    <subfield code="u">http://zaguan.unizar.es/record/168662/files/texto_completo.jpg?subformat=icon</subfield>
    <subfield code="x">icon</subfield>
    <subfield code="y">Versión publicada</subfield>
  </datafield>
  <datafield tag="909" ind1="C" ind2="O">
    <subfield code="o">oai:zaguan.unizar.es:168662</subfield>
    <subfield code="p">articulos</subfield>
    <subfield code="p">driver</subfield>
  </datafield>
  <datafield tag="951" ind1=" " ind2=" ">
    <subfield code="a">2026-02-12-20:39:00</subfield>
  </datafield>
  <datafield tag="980" ind1=" " ind2=" ">
    <subfield code="a">ARTICLE</subfield>
  </datafield>
</record>
</collection>